|
|
|
|
| LEADER |
01610nam a2200445 a 4500 |
| 001 |
000666049 |
| 003 |
CZ BrMZK |
| 005 |
20100621083910.0 |
| 007 |
ta |
| 008 |
030411s2002 xr f 000 0 cze d |
| 015 |
|
|
|a cnb001192339
|
| 020 |
|
|
|a 80-246-0507-4
|q (brož.)
|
| 035 |
|
|
|a (OCoLC)53272966
|
| 040 |
|
|
|a BOA001
|b cze
|
| 043 |
|
|
|a et-----
|
| 045 |
|
|
|a x9y0
|
| 072 |
|
7 |
|a 614
|x Veřejné zdraví a hygiena
|2 Konspekt
|9 14
|
| 080 |
|
|
|a 614.2
|2 MRF
|
| 080 |
|
|
|a 614.253
|2 MRF
|
| 080 |
|
|
|a 614.2:005.591.4
|2 MRF
|
| 080 |
|
|
|a (4-191.2)+(4-11)
|2 MRF
|
| 080 |
|
|
|a (1-775)
|2 MRF
|
| 080 |
|
|
|a (082)
|2 MRF
|
| 110 |
2 |
|
|a Univerzita Karlova
|7 kn20010710036
|
| 245 |
1 |
0 |
|a Etické aspekty transformací zdravotnických systémů v rozvinutých státech světa /
|c Jiří Šimek ... [et al.]
|
| 250 |
|
|
|a Vyd. 1.
|
| 260 |
|
|
|a Praha :
|b Karolinum,
|c 2002
|
| 300 |
|
|
|a 157 s. ;
|c 21 cm
|
| 500 |
|
|
|a Vydavatel: Univerzita karlova v Praze
|
| 504 |
|
|
|a Obsahuje bibliografii
|
| 650 |
0 |
7 |
|a zdravotnictví
|7 ph127574
|z vyspělé země
|2 czenas
|
| 650 |
0 |
7 |
|a zdravotní péče
|7 ph127584
|2 czenas
|
| 650 |
0 |
7 |
|a lékařská etika
|7 ph115193
|2 czenas
|
| 650 |
0 |
7 |
|a reforma zdravotnictví
|7 ph135129
|z Evropa střední a východní
|2 czenas
|
| 655 |
|
7 |
|a sborníky
|7 fd163935
|2 czenas
|
| 700 |
1 |
|
|a Šimek, Jiří,
|d 1944-2025
|7 jn20000402823
|4 aut
|
| 910 |
|
|
|a BOA001
|b 2-1116.478
|
| 990 |
|
|
|a BK
|
| 996 |
6 |
|
|b 2610185944
|c 2-1116.478
|l MZK
|r Sklad / do 1 hodiny
|n 0
|p p.v.
|w 000666049
|u 000010
|a 1
|e BOA001
|j MZK50
|s P
|
| 996 |
7 |
|
|b 2610337958
|c 2-1116.478
|l MZK
|r Sklad / do 1 hodiny
|n 23
|p kup
|w 000666049
|u 000020
|a 1
|e BOA001
|j MZK50
|s A
|